000 00749nam a2200229 4500
003 OSt
005 20240731053322.0
006 a
008 240731b |||||||| |||| 00| 0 eng d
020 _a1412924014
040 _aDWCL-Main lib.
_cOC
082 _2Second edition
_aCirc. 371.4 L754b 2006
100 _aLines, Dennis
245 _aBrief counselling in schools : working with young people from 11 to 18 /
250 _aSecond edition
260 _aLondon :
_bSage Pub. ,
_cc2006.
300 _b217 p. : il. ;
_c24 cm.
504 _aIncludes bibliographical references & index.
650 _a1. Counselling in secondary education.
650 _a2. Brief psychotheraphy for teenagers
942 _2ddc
_n0
_cBK-CIRC
_eSecond edition
_kCirc.
999 _c3028
_d3028